003750000a220009700045001000021000007000025000212450097000465000045001430410013001887730076002011 aHowden, Henry F.1 aCartwrigth, Oscar L.10aScarab beetles of the genus Onthophagus latreille North of Mexico (Coleoptera: Scarabaeidae) a0 aInglés1 tProceeding of the United States National Museumh3467q1-135d1963g114